000 00791nam a22001577a 4500
003 OSt
005 20150915105833.0
008 150915b xxu||||| |||| 00| 0 eng d
040 _cRUA
082 _aAGR CHE 2001 B027 Or.1
100 _9502
_aCHEA, CHANTHAN.
245 _aeffect of inorganic fertilizer application on gelatinization temperature and grain elongation of rice at galsshouse ( ឥទ្ធិពលនៃការប្រើជីអសរីរាង្គទៅលើសីតុណ្ហភាពអន្ធិលកម្ម និង​ភាពរីកនៃសាច់គ្រាប់អង្ករនៅក្នងល័ក្ខខ័ណ្ឌផ្ទះកញ្ចក់)
260 _aPhnom Penh
_bRUA
_c2001
300 _a60p.
_bill.
_c29cm.
942 _2ddc
_cAGR
999 _c482
_d482